[Event "Azores op 4th"]
[Site "Ponta Delgada"]
[Date "2017.12.10"]
[Round "7"]
[White "Guerra, Rui Pedro Oliveira"]
[Black "Belchior, Nuno Miguel Bettenc"]
[Result "1/2-1/2"]
[WhiteElo "1296"]
[BlackElo "1500"]
[PlyCount "93"]
[EventDate "2017.12.07"]
[EventType "swiss"]
[EventRounds "7"]
[EventCountry "POR"]
[SourceTitle "CBM 182 Extra"]
[Source "ChessBase"]
[SourceDate "2018.02.23"]
[SourceVersion "1"]
[SourceVersionDate "2018.02.23"]
[SourceQuality "1"]

1. e4 c6 2. Nf3 d5 3. Nc3 Nf6 4. d3 dxe4 5. Nxe4 Nxe4 6. dxe4 Qxd1+ 7. Kxd1 g6 8. Bd3 Bg7 9. Ke2 0-0 10. Re1 Nd7 11. c3 Ne5 12. Nxe5 Bxe5 13. h3 Bg7 14. Kf1 Be6 15. Be3 Rfd8 16. Bc2 Bc4+ 17. Kg1 Be5 18. a3 Bc7 19. Rad1 Bb6 20. Bxb6 axb6 21. Rxd8+ Rxd8 22. Rd1 Rxd1+ 23. Bxd1 Bd3 24. f3 f6 25. Kf2 Bc4 26. Be2 Bxe2 27. Kxe2 Kf7 28. Ke3 Ke6 29. Kd4 Kd6 30. b4 b5 31. c4 bxc4 32. Kxc4 b5+ 33. Kd4 e5+ 34. Kd3 c5 35. bxc5+ Kxc5 36. Kc3 f5 37. g3 fxe4 38. fxe4 g5 39. g4 h6 40. Kd3 b4 41. a4 b3 42. Kc3 b2 43. Kxb2 Kb4 44. a5 Kxa5 45. Ka3 Kb5 46. Kb3 Kc5 47. Kc3 1/2-1/2